000 00418pab a2200157 454500
008 180718b2008 xxu||||| |||| 00| 0 eng d
100 _aManoj Kumar
245 _aEconomics education in India: need for a market friendly curriculum in the globalized regime
260 _c2008
300 _ap.1-9.
362 _a7 Jul
650 _aEconomics education
773 _aUniversity News
908 _aN
909 _a78750
999 _c78750
_d78750